Աւետարան ըստ Մատթէոսի. (Record no. 529108)
[ view plain ]
| 000 -LEADER | |
|---|---|
| fixed length control field | 00876nam a2200253 a 4500 |
| 001 - CONTROL NUMBER | |
| control field | 1807398 |
| 003 - CONTROL NUMBER IDENTIFIER | |
| control field | AM-YEHGA |
| 005 - DATE AND TIME OF LATEST TRANSACTION | |
| control field | 20250618080129.0 |
| 008 - FIXED-LENGTH DATA ELEMENTS--GENERAL INFORMATION | |
| fixed length control field | 211202s1895 tu |||||||||||||||0|arm|d |
| 040 ## - CATALOGING SOURCE | |
| Original cataloging agency | AM-YeHGA |
| 041 0# - LANGUAGE CODE | |
| Language code of text/sound track or separate title | arm |
| -- | eng |
| 090 ## - LOCALLY ASSIGNED LC-TYPE CALL NUMBER (OCLC); LOCAL CALL NUMBER (RLIN) | |
| -- | 567445 |
| 130 0# - MAIN ENTRY--UNIFORM TITLE | |
| Uniform title | Աստվածաշունչ : |
| Name of part/section of a work | Նոր Կտակարան |
| 9 (RLIN) | 4450 |
| 245 10 - TITLE STATEMENT | |
| Title | Աւետարան ըստ Մատթէոսի. |
| 246 15 - VARYING FORM OF TITLE | |
| Title proper/short title | The Gospel according to St. Matthew. |
| 260 ## - PUBLICATION, DISTRIBUTION, ETC. | |
| Place of publication, distribution, etc. | Կ. Պոլիս : |
| Name of publisher, distributor, etc. | տպագր. Հակոբ Պոյաճյան, |
| Date of publication, distribution, etc. | 1895. |
| 300 ## - PHYSICAL DESCRIPTION | |
| Extent | 175 էջ ; |
| Dimensions | 13,5 սմ. |
| 500 ## - GENERAL NOTE | |
| General note | Շարվ.՝ 11,8x7,2 սմ : |
| 500 ## - GENERAL NOTE | |
| General note | Երկսյուն |
| 546 ## - LANGUAGE NOTE | |
| Language note | Բնագիրը` զուգահեռ հայ. եւ անգլ. : |
| 546 ## - LANGUAGE NOTE | |
| Language note | Տիտղթ.՝ արաբատառ գրություն : |
| 630 04 - SUBJECT ADDED ENTRY--UNIFORM TITLE | |
| Uniform title | Աստվածաշունչ : |
| Name of part/section of a work | Նոր Կտակարան |
| 9 (RLIN) | 4450 |
| 942 ## - ADDED ENTRY ELEMENTS (KOHA) | |
| Source of classification or shelving scheme | Universal Decimal Classification |
| Koha item type | Գրքեր / Books |
| Withdrawn status | Lost status | Source of classification or shelving scheme | Damaged status | Not for loan | Collection | Home library | Current library | Date acquired | Total checkouts | Full call number | Barcode | Date last seen | Price effective from | Koha item type | Public note |
|---|---|---|---|---|---|---|---|---|---|---|---|---|---|---|---|
| Universal Decimal Classification | Alpoiajian Individual Collection | Fundamental Scientific Library | Fundamental Scientific Library | 13/11/2023 | Ալպ/4581 | FL0681482 | 13/11/2023 | 13/11/2023 | Գրքեր / Books | ILL Non-Circ. |
ՀՀ Գիտությունների ազգային ակադեմիայի հիմնարար գիտական գրադարան = Fundamental Scientific Library of NAS RA
All site content, except where otherwise noted, is licensed under a